Gaming Quiz

Random Gaming or Clickable Quiz

Mario Party Orbs-Real or Fake? Quiz Stats

 Plays Quiz not verified by Sporcle

Also try: Pokémon Go Teams
Challenge
Share
Tweet
Embed
Score 0/22 Timer 15:00
0 Plays Today
% Correct
Kamek
83.8%
Sluggish Mushroom
82.3%
Bullet Bill
80%
Chain Chomp
79.2%
Triple Mushroom
79.2%
Vacuum
78.5%
Spiny
76.9%
Lakitu
76.2%
Cannon
74.6%
Spear Guy
73.8%
Pink Boo
73.8%
% Correct
Koopa Kid
73.8%
Podoboo
73.1%
Coin Block
72.3%
Ukiki
72.3%
Bone
72.3%
Duel
69.2%
Toady
68.5%
Boo-Away
66.2%
Koopa Troopa
61.5%
Bubble
60.8%
Magic
56.2%

You're not logged in!

Compare scores with friends on all Sporcle quizzes.
OR
Log In

You Might Also Like...

Show Comments

Extras

Top Quizzes Today


Score Distribution

Your Account Isn't Verified!

In order to create a playlist on Sporcle, you need to verify the email address you used during registration. Go to your Sporcle Settings to finish the process.

Report this User

Report this user for behavior that violates our Community Guidelines.

Details: